000
00239nam a2200097Ia 4500
001
986249
005
20250826221057.0
008
250824s9999 xx 000 0 und d
245
0
_a
KORSAN KOMŞULAR
_c
REGGİE NAUS
260
_b
PARODİ YAYINLARI
999
_c
986249
_d
986249